Lecciones elementales de economía social y legislación del trabajo. Derecho del trabajo
Gespeichert in:
| 1. Verfasser: | |
|---|---|
| Format: | Buch |
| Sprache: | Spanisch |
| Veröffentlicht: |
Santiago, Chile
Flavio Valencia Guevara
1933
|
| Schlagworte: | |
| Tags: |
Tag hinzufügen
Keine Tags, Fügen Sie den ersten Tag hinzu!
|
MARC
| LEADER | 00000nam a2200000 a 4500 | ||
|---|---|---|---|
| 001 | UCS2267 | ||
| 003 | CL-VaPUC | ||
| 005 | 20241009123124.0 | ||
| 008 | 970523e19330000CL |||||||||||||||||spa|d | ||
| 999 | |c 260242 |d 260240 | ||
| 040 | |c Pontificia Universidad Católica de Valparaíso | ||
| 082 | 0 | 4 | |a 344.01 WAL 1933 |2 21 |
| 100 | 0 | |a Walker Linares, Francisco |e autor |9 387506 | |
| 245 | 1 | 0 | |a Lecciones elementales de economía social y legislación del trabajo. Derecho del trabajo |
| 260 | 0 | 3 | |a Santiago, Chile |b Flavio Valencia Guevara |c 1933 |
| 300 | |a 267 páginas | ||
| 583 | |a last modification |c 20170712 03:25:52 |k Rodrigo Vera | ||
| 600 | 0 | 7 | |a OIT |2 CL-VaPUC |9 255318 |
| 650 | 7 | |a DERECHO LABORAL |2 CL-VaPUC |9 15 | |
| 650 | 0 | |a Seguridad social |9 255322 | |
| 650 | 0 | |a Doctrinas políticas |9 255835 | |
| 650 | 7 | |a CONTRATO DE TRABAJO |2 CL-VaPUC |9 387507 | |
| 650 | 0 | |a Accidentes de trabajo |9 254901 | |
| 650 | 0 | |a Negociación colectiva |9 312433 | |
| 650 | 0 | |a Sindicatos |9 255034 | |
| 650 | 7 | |a SUBVENCION ESTATAL |2 CL-VaPUC |9 383919 | |
| 651 | 7 | |a CHILE |2 CL-VaPUC |9 387508 | |
| 942 | |c BK |2 ddc | ||
| 945 | |d 19970523 00:00:00 |a cmena | ||
| 952 | |0 0 |1 0 |2 ddc |4 0 |6 344_010000000000000_WAL_1933 |7 0 |8 A |9 286172 |a BIBDER |b BIBDER |d 2019-11-19 |i 1858696 |o 344.01 WAL 1933 |p 1858696 |r 2023-01-25 |t 1 |w 2019-11-19 |y BK |k DER | ||